| 000 | 00744nam a2200229 a 4500 | ||
|---|---|---|---|
| 001 | BRCA_3769 | ||
| 005 | 20190320204422.0 | ||
| 008 | 221009s1960----mx-#---###---#000-0#spa-# | ||
| 041 | _aspa | ||
| 044 | _amx | ||
| 050 | 4 |
_aPQ6323 _b.D87 1960 |
|
| 100 | 1 |
_aDurán, Manuel _99825 |
|
| 245 | 1 | 0 |
_aLa ambigüedad en el Quijote _cManuel Durán. |
| 260 |
_aXalapa, Veracruz _bUniversidad Veracruzana _c1960 |
||
| 300 |
_a279 p. _c22 cm. |
||
| 440 | 0 |
_aBiblioteca de la Facultad de Filosofía y Letras _v9 _99826 |
|
| 500 | _aIncluye índice de autores y obras | ||
| 500 | _aDonación realizada por el Dr. José Israel Rangel Sandoval | ||
| 600 | 1 | 4 |
_aCervantes Saavedra, Miguel de _d1547-1616 _tDon Quijote _99827 |
| 902 | _aCERV | ||
| 942 |
_2lcc _cB |
||
| 999 |
_c3498 _d3498 |
||